| 000 | 00391 a2200109 4500 | ||
|---|---|---|---|
| 001 | ART_9251 | ||
| 005 | 20260410161835.0 | ||
| 008 | 260409a | ||
| 245 | 1 | 0 | _aPosibilidad de introducir el costo de oportunidad en la determinación de resultados contables |
| 100 | 1 | _aMatheu, Luis María | |
| 773 | 0 |
_tContabilidad y administración _g- Año 4, Nº 41 (nov. 1980) _wREV5485 |
|
| 999 |
_c23590 _d23590 |
||